Acquisti più costosi - Manchester United - Statistics

Statistiche generali
  • Questo quiz è stato fatto 68 volte
  • Il punteggio medio è 15 su 21
Statistiche sulle risposte
Costo (M €) Da Nazione Anno Calciatore % Corretto
105 Juventus Francia 2016 Paul Pogba
98%
70,65 Real Madrid Brasile 2022 Casemiro
92%
85 Borussia Dortmund Inghilterra 2021 Jadon Sancho
90%
95 Ajax Brasile 2022 Antony
89%
87 Leicester City Inghilterra 2019 Harry Maguire
89%
84,70 Everton Belgio 2017 Romelu Lukaku
89%
57,37 Ajax Argentina 2022 Lisandro Martinez
79%
75 Real Madrid Argentina 2014 Ángel Di María
77%
63 Sporting Lisbona Portogallo 2020 Bruno Fernandes
77%
42 Borussia Dortmund Armenia 2016 Henrikh Mkhitaryan
75%
40 Real Madrid Francia 2021 Raphaël Varane
75%
59 Shakhtar Donetsk Brasile 2018 Fred
72%
38 Tottenham Bulgaria 2008 Dimitar Berbatov
69%
39 Ajax Paesi Bassi 2020 Donny van de Beek
66%
44,70 Chelsea Serbia 2017 Nemanja Matić
66%
60 Monaco Francia 2015 Anthony Martial
62%
44,73 Chelsea Spagna 2014 Juan Mata
61%
42,60 Lazio Argentina 2001 Juan Sebastián Verón
56%
38 Villarreal Costa d'Avorio 2016 Eric Bailly
48%
55,46 Crystal Palace Inghilterra 2019 Aaron Wan-Bissaka
46%
46 Leeds Utd Inghilterra 2002 Rio Ferdinand
31%
Nessun quiz corrispondente trovato
Distribuzione punteggi
Percentuale di utenti per punteggio
Percentile per numero di risposta
I tuoi punteggi nel tempo
Non hai fatto questo quiz